Statistics for JetPunk Trivia

Click here to take the quiz!

General Stats

  • This quiz has been taken 26 times
    (8 since last reset)
  • The average score is 2 of 23

Answer Stats

QuestionAnswer% Correct
What year was the site created?2008
86%
What is the most taken quiz on the site?Countries of the World
57%
What is the highest level anyone has achieved on Jetpunk? (as of July 2020)89
14%
What are Quizmaster’s oldest quizzes?{Canada} Provinces and Territories
14%
What is the Quizmaster’s real name?Dan Hostetler
14%
What four mini-games are
available to play on JetPunk?
Even Split
14%
In terms of number of takes, who are the top 10 quiz makers?
(Excluding greyed out names)
Relessness
14%
In terms of number of takes, who are the top 10 quiz makers?
(Excluding greyed out names)
Stewart
14%
What four mini-games are
available to play on JetPunk?
Taxman
14%
In terms of number of takes, who are the top 10 quiz makers?
(Excluding greyed out names)
Gamer1162
0%
In terms of number of takes, who are the top 10 quiz makers?
(Excluding greyed out names)
Gassu
0%
What four mini-games are
available to play on JetPunk?
Geography Snap
0%
In terms of number of takes, who are the top 10 quiz makers?
(Excluding greyed out names)
Jerry928
0%
In terms of number of takes, who are the top 10 quiz makers?
(Excluding greyed out names)
Kiwirage
0%
In terms of number of takes, who are the top 10 quiz makers?
(Excluding greyed out names)
KoljiVriVoda
0%
What are Quizmaster’s oldest quizzes?{Major} {League} {Baseball} Teams
0%
What are Quizmaster’s oldest quizzes?{NFL} {Football} Teams
0%
In terms of number of takes, who are the top 10 quiz makers?
(Excluding greyed out names)
Quizzer6794
0%
In terms of number of takes, who are the top 10 quiz makers?
(Excluding greyed out names)
Scambigol
0%
What type of website was JetPunk before it became a quiz website?{Travel} Search Site
0%
What are Quizmaster’s oldest quizzes?USA {Vice} {Presidents}
0%
What four mini-games are
available to play on JetPunk?
U.S. State Puzzle
0%
In terms of number of takes, who are the top 10 quiz makers?
(Excluding greyed out names)
Wolfcam
0%

Score Distribution

Percentile by Number Answered

Percent of People with Each Score

Your Score History

You have not taken this quiz since the last reset